Celyje funkcii mnogich kompleksnych peremennych

Na minha lista:
Detalhes bibliográficos
Formato: Livro
Idioma:russo
Publicado em: Moskva Mir 1989
Edição:1. izd.
Tags: Adicionar Tag
Sem tags, seja o primeiro a adicionar uma tag!

MARC

LEADER 00000nam a2200000 4500
001 c038081
005 20260129130422.3
041 0 |a rus 
044 |a RU 
245 1 0 |a Celyje funkcii mnogich kompleksnych peremennych  |c Pierre Lelong, Lawrence Gruman ; [Z angl. prel.] A.M. Russakovskij 
250 |a 1. izd. 
264 1 |a Moskva  |b Mir  |c 1989 
300 |a 350 s.